000 00774nam a2200253 i 4500
001 bg
100 1 _aJONAS, Agata
245 1 0 _aStrategie konkurencji na rynku usług bankowych w Polsce /
_cAgata Jonas.
260 _aWarszawa :
_b"Zarządzanie i Finanse",
_c2002.
300 _a147 s. ;
_c24 cm.
490 1 _aBiblioteka Menedżera i Bankowca
504 _aBibliogr.
650 9 _aBanki
_xkonkurencja
_zPolska
650 9 _aKonkurencja
_xmetody
830 _aBiblioteka Menedżera i Bankowca
020 _a8385776605
040 _cBPK
041 0 _apl
080 _a336.71:339.137](438)
920 _a83-85776-60-5
942 _cKS
008 s pl f |000 0 pol
999 _c41060
_d41060
856 _uhttp://koha.tu.koszalin.pl/cgi-bin/koha/opac-detail.pl?biblionumber=41060
_yKatalog online BPK